MARC

LEADER 00000nas a2200000 a 4500
001 ssj0013042
003 WaSeSS
005 20200512172242.0
006 m d
007 cr n
008 000106c20009999maubr p s o 0 a0eng c
010 |a  00234463  
016 7 |a 008539713  |2 Uk 
022 |l 1532-1118  |y 1532-1118 
035 |a (WaSeSS)ssj0013042 
037 |b Gay & Lesbian Review Worldwide, P.O. Box 180300, Boston, MA 02118 
040 |a FXG  |b eng  |c FXG  |d CUS  |d HLS  |d NSD  |d CLU  |d SYS  |d IUL  |d OCL  |d CIB  |d WAU  |d DLC  |d WAU  |d OSU  |d OCLCQ  |d CUV  |d UKMGB  |d OCLCQ  |d CGU  |d OCLCF  |d OCLCO  |d LIP  |d GILDS  |d CUY  |d IUL  |d COD  |d WaSeSS 
042 |a nsdp  |a pcc 
043 |a n-usn-- 
050 0 0 |a HQ75  |b .G2 
082 1 0 |a 305  |2 13 
210 0 |a Gay lesbian rev. worldw. 
222 4 |a The Gay & lesbian review worldwide 
245 0 4 |a The Gay & lesbian review worldwide  |h [electronic resource]. 
246 3 |a Gay and lesbian review worldwide 
246 1 |i Title appears on several areas of the publication (including running title) as:  |a Gay & lesbian review 
246 1 0 |a Gay and lesbian review 
246 1 |a G&LR 
246 1 |a G & LR 
260 |a Boston, MA :  |b Gay & Lesbian Review, Inc.,  |c c1999- 
310 |a Bimonthly,  |b Jan./Feb. 2001- 
321 |a Quarterly,  |b winter 2000- 
321 |a Six issues yearly,  |b <2005>- 
362 0 |a Vol. 7, no. 1 (winter 2000)- 
500 |a Editor-in-chief and founder: Richard Schneider, Jr. 
506 |a License restrictions may limit access. 
525 |a Volume XXVI, number 1 (January/February 2019) issued in a scaled down form and accompanied by a monographic supplement. 
555 |a Vols. 1 (1994)-16 (2009) (includes index to journal under its earlier title) available online. 
588 |a Title from cover. 
588 |a Latest issue consulted: Vol. 26, no. 3 (May/June 2019). 
650 0 |a Gays' writings  |v Book reviews  |v Periodicals. 
650 0 |a Gays  |v Periodicals. 
650 0 |a Lesbians  |v Periodicals. 
650 0 |a Homosexuality and literature  |v Periodicals. 
650 0 |a Lesbians' writings  |v Book reviews  |v Periodicals. 
650 0 |a Gay authors  |v Interviews  |v Periodicals. 
650 0 |a Lesbian authors  |v Interviews  |v Periodicals. 
650 0 |a Homosexuality  |x Social aspects  |z United States  |v Periodicals. 
650 0 |a Gay culture  |z United States  |v Periodicals. 
650 0 |a Lesbian culture  |z United States  |v Periodicals. 
650 0 |a Gay liberation movement  |z United States  |v Periodicals. 
650 7 |a Gay authors.  |2 fast  |0 (OCoLC)fst00939062 
650 7 |a Gay culture.  |2 fast  |0 (OCoLC)fst01201219 
650 7 |a Gay liberation movement.  |2 fast  |0 (OCoLC)fst00939104 
650 7 |a Gays.  |2 fast  |0 (OCoLC)fst00939255 
650 7 |a Gays' writings.  |2 fast  |0 (OCoLC)fst00939312 
650 7 |a Homosexuality and literature.  |2 fast  |0 (OCoLC)fst00959818 
650 7 |a Homosexuality  |x Social aspects.  |2 fast  |0 (OCoLC)fst00959809 
650 7 |a Lesbian authors.  |2 fast  |0 (OCoLC)fst00996461 
650 7 |a Lesbian culture.  |2 fast  |0 (OCoLC)fst01201220 
650 7 |a Lesbians.  |2 fast  |0 (OCoLC)fst00996540 
650 7 |a Lesbians' writings.  |2 fast  |0 (OCoLC)fst00996592 
651 7 |a United States.  |2 fast  |0 (OCoLC)fst01204155 
655 0 |a Electronic journals. 
700 1 |a Schneider, Richard,  |c Jr. 
770 0 |t In search of Stonewall.  |d Boston, Massachusetts : G&LR Books, [2019]  |z 9780578411088  |w (OCoLC)1081308597 
780 0 0 |t Harvard gay & lesbian review  |x 1077-6591  |w (DLC)sn 94005292  |w (OCoLC)30391940 
850 |a DLC  |a MH 
853 2 0 |8 3  |a v.  |b no.  |u 6  |v r  |i (year)  |j (month)  |w b  |x 01/02 
856 4 0 |z Full text available from Research Library: 2000 to present  |u https://search.proquest.com/publication/45917 
863 4 1 |8 3.1  |a <14>  |b <6>  |i <2007>  |j <11/12>